00123nam a2200061Ia 4500008004100000010001100041264000900052220117s9999 xx 000 0 und d a175642 c87 B